000 00269nam a2200121Ia 4500
005 20251222141928.0
008 251222s9999||||xx |||||||||||||| ||spa||
082 _a985.01/S74
100 _aShimada, Izumi
245 0 _aCultura Sican:
264 _bEDUBANCO
942 _cLIB
999 _c8938
_d8938